مكتبة جامعة عجلون الوطنية

فهرس بحث المكتبة

Normal view MARC view
  • تحرير العيسى، طلال

Entry Personal Name

Number of records used in: 1

001 - CONTROL NUMBER

  • control field: 51773

003 - CONTROL NUMBER IDENTIFIER

  • control field: JO-AjAnu

005 - DATE AND TIME OF LATEST TRANSACTION

  • control field: 20230606082520.0

008 - FIXED-LENGTH DATA ELEMENTS

  • fixed length control field: 230606|| aca||aabn | a|a d

040 ## - CATALOGING SOURCE

  • Original cataloging agency: JO-AjAnu
  • Transcribing agency: JO-AjAnu

100 ## - HEADING--PERSONAL NAME

  • Personal name: تحرير العيسى، طلال

670 ## - SOURCE DATA FOUND

  • Source citation: Work cat.: (JO-AjAnu)26463: تحرير العيسى، طلال, author, واقع ةتفعيل القانون الدولي في زمن الحرب والسلم: وقائع المؤتمر العلمي المحكم الثالث لكلية الحقوق جامعة عجلون الوطنية/الاردن 24-25 /11/ 2015=Effective nes of reality of information law with the war and peace in the time Proc. Of the third refereed scientific conference of faculty of law Ajlon,24-25-November -2015 Jordan